| 000 -LEADER |
| fixed length control field |
01064pab a2200181 454500 |
| 008 - FIXED-LENGTH DATA ELEMENTS--GENERAL INFORMATION |
| fixed length control field |
180718b2010 xxu||||| |||| 00| 0 eng d |
| 100 ## - MAIN ENTRY--PERSONAL NAME |
| Personal name |
Tangirala, Maruthi P. |
| 245 ## - TITLE STATEMENT |
| Title |
UPSC: Civil services examination and beyond |
| 260 ## - PUBLICATION, DISTRIBUTION, ETC. |
| Date of publication, distribution, etc. |
2010 |
| 300 ## - PHYSICAL DESCRIPTION |
| Extent |
p.920-932. |
| 362 ## - DATES OF PUBLICATION AND/OR SEQUENTIAL DESIGNATION |
| Dates of publication and/or sequential designation |
Oct-Dec |
| 520 ## - SUMMARY, ETC. |
| Summary, etc. |
The higher civil service continues to play an important role in the governance system in spite of many questions as to its relevance. This article argues that the recent move to reform the preliminary state of the civil services examination (CSE) must be followed up by the logical next stages so as to improve the recruitment system that is so crucial to the overall personnel management system of government. It also makes out a case for taking steps to restore the constitutional importance of UPSC without overburdening it with routine administrative tasks that detract from institutional credibility. - Reproduced. |
| 650 ## - SUBJECT ADDED ENTRY--TOPICAL TERM |
| Topical term or geographic name entry element |
U.P.S.C. |
| 650 ## - SUBJECT ADDED ENTRY--TOPICAL TERM |
| Topical term or geographic name entry element |
Civil service |
| 773 ## - HOST ITEM ENTRY |
| Main entry heading |
Indian Journal of Public Administration |
| 908 ## - PUT COMMAND PARAMETER (RLIN) |
| Put command parameter |
N |
| 909 ## - |
| -- |
90676 |